Příběh vějíře : sbírka Západočeského muzea v Plzni /

Hlavní autor: Kotorová, Ludmila, 1964-
Korporativní autor: Západočeské muzeum (Plzeň, Česko)
Jazyk: Čeština
Vydáno: Plzeň : Západočeské muzeum v Plzni, p.o., 2020
Vydání: Vydání první
Témata:
Fyzický popis: 272 stran : barevné ilustrace, faksimile ; 22 x 24 cm
Language note: Anglické resumé
Knihy
Uloženo v:
LEADER 02094nam a2200577 i 4500
001 nkc20203277621
003 CZ PrNK
005 20210412104619.0
007 ta
008 201229s2020 xr ah e c 001 0 cze
015 |a cnb003277621 
020 |a 978-80-7247-175-1  |q (vázáno) 
035 |a (OCoLC)1245648694 
040 |a BOA001  |b cze  |e rda 
041 0 |a cze  |b eng 
043 |a e-xr---  |b e-xr-pl  |2 czenas 
072 7 |a 688  |x Dekorační předměty. Hračky. Galanterie  |2 Konspekt  |9 19 
080 |a 688.5  |2 MRF 
080 |a 069.5  |2 MRF 
080 |a (437.317)  |2 MRF 
080 |a (083.824)  |2 MRF 
100 1 |a Kotorová, Ludmila,  |d 1964-  |7 mzk2009544610  |4 aut 
245 1 0 |a Příběh vějíře :  |b sbírka Západočeského muzea v Plzni /  |c Ludmila Kotorová 
250 |a Vydání první 
264 1 |a Plzeň :  |b Západočeské muzeum v Plzni, p.o.,  |c 2020 
300 |a 272 stran :  |b barevné ilustrace, faksimile ;  |c 22 x 24 cm 
336 |a text  |b txt  |2 rdacontent 
336 |a statický obraz  |b sti  |2 rdacontent 
337 |a bez média  |b n  |2 rdamedia 
338 |a svazek  |b nc  |2 rdacarrier 
500 |a 300 výtisků 
500 |a Terminologický slovník 
504 |a Obsahuje bibliografii, bibliografické odkazy a rejstřík 
546 |a Anglické resumé 
610 2 7 |a Západočeské muzeum (Plzeň, Česko)  |7 kn20010709441  |2 czenas 
650 0 7 |a vějíře  |7 ph545368  |2 czenas 
650 0 7 |a vějíře  |7 ph545368  |x dějiny  |2 czenas 
650 0 7 |a muzejní sbírky  |7 ph137908  |z Česko  |2 czenas 
650 0 9 |a fans  |2 eczenas 
650 0 9 |a fans  |x history  |2 eczenas 
650 0 9 |a museum collections  |z Czechia  |2 eczenas 
651 7 |a Plzeň (Česko)  |7 ge130439  |2 czenas 
651 9 |a Plzeň (Czechia)  |2 eczenas 
655 7 |a katalogy výstav  |7 fd132536  |2 czenas 
655 9 |a exhibition catalogs  |2 eczenas 
710 2 |a Západočeské muzeum (Plzeň, Česko)  |7 kn20010709441  |4 oth  |4 isb 
910 2 |a BOA001  |b 2-1460.404 
990 |a BK 
995 |a 01 
991 |b 202104  |c NOV 
996 6 |b 2610854275  |c 2-1460.404  |l MZK  |r Sklad / do 1 hodiny  |n 0  |p p.v.  |w 001841337  |u 000010  |a 1  |e BOA001  |j MZK50  |s P